| 000 | 00915nam a2200277 a 4500 | ||
|---|---|---|---|
| 001 | 12730 | ||
| 003 | BD-JhCC | ||
| 005 | 20230509095144.0 | ||
| 008 | 23 s20211996enka e 001 0 eng | ||
| 020 | _a9789354352805 | ||
| 035 | _a(BD-JhCC)12730 | ||
| 040 |
_aStDuBDS _dUkOxU _dBD-JhCC _cBD-JhCC |
||
| 050 | 4 |
_aBF561 _b.G65 2004 |
|
| 082 | 0 | 4 |
_a152.4 _222 _bGOL 2021 |
| 100 | 1 | _aGoleman, Daniel. | |
| 245 | 1 | 0 |
_aEmotional intelligence : _bwhy it can matter more than IQ / _cDaniel Goleman. |
| 260 |
_aLondon : _bBloomsbury, _c2021. |
||
| 300 |
_axxi, 325 p. : _c20 cm. |
||
| 500 | _aEmotional intelligence originally published: 1996. Working with emotional intelligence originally published: 1998. | ||
| 504 | _aIncludes bibliographical references and indexes. | ||
| 650 | 0 | _aEmotional intelligence. | |
| 650 | 2 | _aEmotional Intelligence. | |
| 650 | 2 | _aEmotions. | |
| 650 | 2 | _aCognition. | |
| 942 |
_2ddc _cBK |
||
| 999 |
_c12730 _d12730 |
||